LEADER 01399nam a2200325 a 4500 001 000000175352 003 CaOOAMICUS 005 20220720112957.0 008 220720s2021 it 000 u ita r 020 $a978-88-308-1780-7* 032 $aLibriCat 040 $aPUL$bita 084 $a232 100 1 $aBegasse de Dhaem, Amaury.$0(OLS)http://pul/name/80657 245 10$aMysterium Christi : $bcristologia e soteriologia trinitaria / $cAmaury Begasse de Dhaem ; presentazione del card Luis F. Ladaria. 260 $aAssisi :$bCittadella,$c2021. 300 $a682 p. ;$c21 cm 490 1 $aTeologia. Strumenti 504 $aBibliografia in nota a piè pagina. 650 4$aCristologia$xStudi.$0(OLS)http://pul/subject/36480 700 1 $aLadaria Ferrer, Luis Francisco,$cS.I.,$d1944-$0(OLS)http://pul/name/9170 830 0$aTeologia.$pStrumenti.$0(OLS)http://pul/title/45239 850 $aPUL 852 $aPUL$W1$xSL Religione 3$y85$m230 COLL 15.34$j199556$qDDC 21$B204276$CPULBib$Z2$F204276 $H135725 $82 941 1 $a9 996 $6020$a978-88-308-1780-7*$9(OLS)http://pul/number/168745 996 $6084$a232$9(OLS)http://pul/classification/3299 996 $6245$aMysterium Christi : $bcristologia e soteriologia trinitaria / $9(OLS)http://pul/title/216777 996 $6260$aAssisi :$bCittadella$9(OLS)http://pul/publisher/49668 LEADER 01140nam a2200277 u 4500 001 000000010536 003 CaOOAMICUS 005 20100924115327.0 008 940516s1975 it u000 u ita u 035 $a10261818 040 $aPUL(R)$bita 245 03$aIl personalismo :$bscelta antologica /$ca cura di Arnmando Rigobello, Gaspare Mura e Marco Ivaldo. 260 $a[Roma] :$bCittà Nuova,$c[1975] 300 $a321 p. ;$c18 cm 490 1 $aIdee ;$v6 650 4$aPersona (filosofia).$0(OLS)http://pul/subject/2012 700 1 $aMura, Gaspare,$d1937-$0(OLS)http://pul/name/5566 700 1 $aRigobello, Armando,$d1924-$0(OLS)http://pul/name/2221 700 1 $aIvaldo, Marco.$0(OLS)http://pul/name/5707 830 0$aIdee (Città Nuova).$0(OLS)http://pul/title/7604 850 $aPUL 852 $aPUL$W1$xDP1 Altre Collocazioni$y17$m46 Z 6$j14963$nBK-PRI$b $qStampati$B14963$CPULBib$Z2$F14963 $H $81 941 1 $a8 961 $aINV: 57465 996 $6245$aIl personalismo :$bscelta antologica$9(OLS)http://pul/title/15368 996 $6260$a[Roma] :$bCittà Nuova$9(OLS)http://pul/publisher/48834